| 000 | 00492nam a2200157Ia 4500 | ||
|---|---|---|---|
| 008 | 230907s9999||||xx |||||||||||||| ||und|| | ||
| 082 |
_a621.3124 _bRID |
||
| 100 |
_aRida Fatima (00000170395) _9116399 |
||
| 245 | 0 | _aElectrical modelling and emulation of high power lithium-ion battery / | |
| 260 |
_aUSPCAS-E, NUST, _bIslamabad : _c2018 |
||
| 300 | _axii, 71 p. | ||
| 520 | _aTH-112 | ||
| 650 |
_aMS-EEP Thesis MS Thesis _9116400 |
||
| 700 | _aDr Arsalan Habib Khawaja | ||
| 942 |
_cTHE _2ddc |
||
| 999 |
_c601791 _d601791 |
||